LEADER 04490nam 2200877Ia 450 001 9910787524703321 005 20220304031942.0 010 $a0-8122-0425-5 024 7 $a10.9783/9780812204254 035 $a(CKB)2670000000418267 035 $a(OCoLC)859160887 035 $a(CaPaEBR)ebrary10748565 035 $a(SSID)ssj0001075250 035 $a(PQKBManifestationID)11687088 035 $a(PQKBTitleCode)TC0001075250 035 $a(PQKBWorkID)11213523 035 $a(PQKB)10886407 035 $a(OCoLC)648591434 035 $a(MdBmJHUP)muse29107 035 $a(DE-B1597)449743 035 $a(OCoLC)1013964291 035 $a(OCoLC)1029831766 035 $a(OCoLC)1032689249 035 $a(OCoLC)1037978756 035 $a(OCoLC)1041993619 035 $a(OCoLC)1046615951 035 $a(OCoLC)1047009838 035 $a(OCoLC)1049618603 035 $a(OCoLC)1054869533 035 $a(OCoLC)979779011 035 $a(DE-B1597)9780812204254 035 $a(Au-PeEL)EBL3442139 035 $a(CaPaEBR)ebr10748565 035 $a(CaONFJC)MIL682708 035 $a(MiAaPQ)EBC3442139 035 $a(EXLCZ)992670000000418267 100 $a20091218d2008 uy 0 101 0 $aeng 135 $aurcn||||||||| 181 $ctxt 182 $cc 183 $acr 200 10$aBack to nature$b[electronic resource] $ethe green and the real in the late Renaissance /$fRobert N. Watson 205 $a1st pbk. ed. 210 $aPhiladelphia $cUniversity of Pennsylvania Press$d2008 215 $a1 online resource (446 p.) 300 $aBibliographic Level Mode of Issuance: Monograph 311 0 $a1-322-51426-7 311 0 $a0-8122-2022-6 320 $aIncludes bibliographical references (p. [397]-417) and index. 327 $tFront matter --$tContents --$tPart I. Introduction The Green and the Real --$t1. Ecology, Epistemology, and Empiricism --$t2. Theology, Semiotics, and Literature --$tPart II. Paradoxes Alienation from Nature in English Literature --$t3. As You Liken It: Simile in the Forest --$t4. Shades of Green: Marvell's Garden and the Mowers --$tPart III. Reformations Protestant Politics, Poetics, and Paintings --$t5. Metaphysical and Cavalier Styles of Consciousness --$t6. The Retreat of God, the Passions of Nature, and the Objects of Dutch Painting --$t7. Nature in Two Dimensions: Perspective and Presence in Ryckaert, Vermeer, and Others --$tPart IV. Solutions The Consolations of Mediation --$t8. Metal and Flesh in The Merchant of Venice: Shining Substitutes and Approximate Values --$t9. Thomas Traherne: The World as Present --$tConclusion --$tNotes --$tBibliography --$tIndex --$tAcknowledgments 330 $aSelected by Choice magazine as an Outstanding Academic Title Sweeping across scholarly disciplines, Back to Nature shows that, from the moment of their conception, modern ecological and epistemological anxieties were conjoined twins. Urbanization, capitalism, Protestantism, colonialism, revived Skepticism, empirical science, and optical technologies conspired to alienate people from both the earth and reality itself in the seventeenth century. Literary and visual arts explored the resulting cultural wounds, expressing the pain and proposing some ingenious cures. The stakes, Robert N. Watson demonstrates, were huge. Shakespeare's comedies, Marvell's pastoral lyrics, Traherne's visionary Centuries, and Dutch painting all illuminate a fierce submerged debate about what love of nature has to do with perception of reality. 606 $aEnglish literature$yEarly modern, 1500-1700$xHistory and criticism 606 $aNature in literature 606 $aPastoral literature, English$xHistory and criticism 606 $aPhilosophy of nature in literature 606 $aHuman ecology in literature 606 $aRenaissance$zEngland 610 $aCultural Studies. 610 $aLiterature. 610 $aMedieval and Renaissance Studies. 615 0$aEnglish literature$xHistory and criticism. 615 0$aNature in literature. 615 0$aPastoral literature, English$xHistory and criticism. 615 0$aPhilosophy of nature in literature. 615 0$aHuman ecology in literature. 615 0$aRenaissance 676 $a820.93609031 700 $aWatson$b Robert N$0552758 801 0$bMiAaPQ 801 1$bMiAaPQ 801 2$bMiAaPQ 906 $aBOOK 912 $a9910787524703321 996 $aBack to nature$93697136 997 $aUNINA LEADER 03902oam 2200661I 450 001 9910786374603321 005 20230810000115.0 010 $a1-351-84288-9 010 $a1-315-22410-0 010 $a0-89503-679-7 024 7 $a10.4324/9781315224107 035 $a(CKB)2670000000275688 035 $a(EBL)3117823 035 $a(SSID)ssj0000780048 035 $a(PQKBManifestationID)12336569 035 $a(PQKBTitleCode)TC0000780048 035 $a(PQKBWorkID)10785229 035 $a(PQKB)11492125 035 $a(MiAaPQ)EBC3117823 035 $a(Au-PeEL)EBL3117823 035 $a(CaPaEBR)ebr10613406 035 $a(OCoLC)608500295 035 $a(OCoLC)988384156 035 $a(EXLCZ)992670000000275688 100 $a20180706e20172007 uy 0 101 0 $aeng 135 $aur|n|---||||| 181 $ctxt 182 $cc 183 $acr 200 10$aMotives for metaphor in scientific and technical communication /$fTimothy D. Giles 210 1$aLondon :$cRoutledge,$d2017. 215 $a1 online resource (190 p.) 225 1 $aBaywood's technical communications series 300 $aFirst published 2007 by Baywood Pub. Co., Inc. 311 $a0-415-43440-8 311 $a0-89503-337-2 320 $aIncludes bibliographical references (p. 159-169) and index. 327 $a""Motives for Metaphor in Scientific and Technical Communication""; ""Cover""; ""Title Page""; ""Copyright Page""; ""Table of Contents""; ""Acknowledgments""; ""Introduction: The Problem of Metaphor in Scientific and Technical Communication""; ""Differentiating between Scientific and Technical Communication""; ""Metaphor and Analogy""; ""Summary of Chapters""; ""CHAPTER 1: Reintroducing Metaphor in the Technical Communication Classroom""; ""Problem""; ""Methodology""; ""Some General Considerations of Metaphor""; ""Technical Communication Textbooks""; ""Science Writing Texts"" 327 $a""CHAPTER 2: Metaphor in the Technical Communication Literature""""Metaphor and the Computer""; ""Technical Communication Theory""; ""Technical Communication Pedagogy""; ""Conclusion""; ""CHAPTER 3: A Review of the Theories of Metaphor""; ""Substitution Theory of Metaphor""; ""Aristotle on Metaphor""; ""Twentieth-Century Substitutionists""; ""Nietzsche and Post-Modern Metaphor""; ""The Tensionists: An Introduction to Interaction""; ""The Interactionists""; ""Metaphor as Epistemology""; ""Conclusion""; ""CHAPTER 4: The Metaphors of Mathematics: A Case Study of the Solar System Analogy"" 327 $a""Scottish Natural Philosophy""""Lodge and the BAAS""; ""The Solar System Analogy""; ""The Solar System Analogy in Secondary-School Texts""; ""A Narrative History of the Solar System Analogy""; ""Lord Kelvin""; ""James Clerk Maxwell""; ""J. J. Thomson""; ""Oliver Lodge""; ""Ernest Rutherford""; ""Niels Bohr""; ""Conclusion""; ""CHAPTER 5: The Question of Metaphor in Natural Language: A Case Study""; ""The Question of Cloning""; ""Recognition of the Dominant/Emergent Metaphors""; ""The Effect Upon the Scientific Community""; ""Conclusion""; ""CHAPTER 6: Implications"" 327 $a""An Approach Based on this Study""""Other Avenues for Research""; ""References""; ""Index""; ""Selected Titles from: Baywooda???s Technical Communications Series""; ""Back Cover"" 410 0$aBaywood's technical communications series (Unnumbered) 606 $aCommunication of technical information 606 $aTechnical writing 606 $aMetaphor 615 0$aCommunication of technical information. 615 0$aTechnical writing. 615 0$aMetaphor. 676 $a601./4 700 $aGiles$b Timothy D.$f1958-,$01536918 801 0$bMiAaPQ 801 1$bMiAaPQ 801 2$bMiAaPQ 906 $aBOOK 912 $a9910786374603321 996 $aMotives for metaphor in scientific and technical communication$93785947 997 $aUNINA